Fresh wind blowing.

Bibliographic Details
Main Author: Campbell, Grace, 1895-1963
Format: Book
Language:English
Published: New York : Duell, Sloan and Pearce, [1947]

MARC

Tag First Indicator Second Indicator Subfields
LEADER 00000cam a2200000 4500
001 in00000035881
005 20151007063534.0
008 761122s1947 nyu 00001 engmd
010 |a a 48006379  
035 |a (OCoLC)02572065 
035 |9 AAD7632AM 
040 |a TLM  |c TLM  |d TXA  |d UtOrBLW 
049 |a TXAM  |c [155092] 
090 |a PS3505.A52758  |b F74 1947 
092 |a 813  |b C187f 
100 1 |a Campbell, Grace,  |d 1895-1963. 
245 1 0 |a Fresh wind blowing. 
264 1 |a New York :  |b Duell, Sloan and Pearce,  |c [1947] 
300 |a 233 pages ;  |c 22 cm. 
336 |a text  |b txt  |2 rdacontent 
337 |a unmediated  |b n  |2 rdamedia 
338 |a volume  |b nc  |2 rdacarrier 
999 |a MARS 
999 f f |s 4bdf60a6-77ea-3ef1-82b4-f8a633629a33  |i 76e057cf-7b7b-395d-b369-9ac2d377002b  |t 0 
952 f f |p ric  |a Texas A&M University  |b Rellis Campus  |c Joint Library Facility  |d Remote Storage  |t 0  |e PS3505.A52758 F74 1947  |h Library of Congress classification  |i unmediated -- volume  |m A14801231423 
998 f f |a PS3505.A52758 F74 1947  |t 0  |l Remote Storage